| 000 | 01061nam0a2200313 i 4500 | ||
|---|---|---|---|
| 001 | RU\NLR\BIBL_A\011076576 | ||
| 005 | 20260406022246.0 | ||
| 010 | _a9785904061753 | ||
| 021 |
_aRU _b2016-16595 _91071 |
||
| 035 | _a(NILC)RuMoRGB-008162587 | ||
| 035 | _a(NLR Aleph) 011076576 | ||
| 090 |
_a11302214 _c11302214 |
||
| 100 | _a20160322d2015 c y0rusy50 ca | ||
| 101 | 0 | _arus | |
| 102 | _aRU | ||
| 105 | _aa|||z||||00gy | ||
| 200 | 1 |
_aДедушка Мороз и бабушка Жара _eкнижка-раскраска со стихами _eдля детей младшего и среднего школьного возраста _fЛора |
|
| 210 |
_aБарнаул _cСпектр _d2015 |
||
| 215 |
_a132 с. _cил. _d21 |
||
| 686 | 0 | _aШ9(2)60=Р7-5 | |
| 686 | 0 | _aШ9(2)62=Р7-5 | |
| 700 | 0 |
_8rus _7ca _aЛора _cпсевдоним _f1960- _3RU\NLR\AUTH\77123815 _9106740 |
|
| 801 | 0 |
_aRU _bРГБ _c20160301 _gRCR |
|
| 942 | _cBOOK | ||
| 980 | _aNBR | ||